[Event "EUYCC 2022 - U10"]
[Site "?"]
[Date "2022.08.24"]
[Round "3.5"]
[White "Janouskova, Eliska"]
[Black "Novotny, Adam"]
[Result "1-0"]
[WhiteElo "1330"]
[BlackElo "1113"]
[PlyCount "69"]
[EventDate "2022.??.??"]

1. e4 e5 2. Nf3 Nc6 3. Nc3 Nf6 4. Bb5 Nd4 5. Bc4 Bc5 6. d3 d6 7. h3 Be6 8. Bxe6
fxe6 9. Be3 Qd7 10. Bxd4 Bxd4 11. Qd2 O-O 12. Ne2 Bc5 13. O-O Rae8 14. Ng3 Qe7
15. c3 Rf7 16. d4 exd4 17. cxd4 Bb6 18. Rfe1 e5 19. d5 h6 20. Nf5 Qd7 21. Rac1
Nxe4 22. Nxh6+ gxh6 23. Rxe4 Kh7 24. Rh4 Rf6 25. Qd3+ Kh8 26. Rcc4 Rg8 27. Rcg4
Rxg4 28. hxg4 Qe7 29. g5 Rf7 30. Rxh6+ Rh7 31. Re6 Qf8 32. g6 Rg7 33. Qe4 Qd8
34. Nh4 Qf8 35. Nf5 1-0

[Event "EUYCC 2022 - U10"]
[Site "?"]
[Date "2022.08.24"]
[Round "3.6"]
[White "Kusova, Nikola"]
[Black "Galia, Simon"]
[Result "1-0"]
[WhiteElo "1224"]
[BlackElo "1077"]
[PlyCount "47"]
[EventDate "2022.??.??"]

1. e4 c5 2. b4 cxb4 3. a3 e5 4. axb4 Bxb4 5. c3 Be7 6. d4 Nf6 7. dxe5 Nxe4 8.
Qg4 Ng5 9. f4 d5 10. Qg3 Ne6 11. Nf3 d4 12. f5 Nc7 13. Qxg7 Rf8 14. f6 Bc5 15.
Nxd4 Bxd4 16. cxd4 Qxd4 17. Ba3 Qe4+ 18. Be2 Qd4 19. Qxf8+ Kd7 20. Qxf7+ Kc6
21. Bf3+ Kb6 22. Qb3+ Nb5 23. Bb2 Qd7 24. Qe3+ 1-0

[Event "EUYCC 2022 - U10"]
[Site "?"]
[Date "2022.08.24"]
[Round "3.8"]
[White "Frydel, Helena"]
[Black "Prochazka, Michal"]
[Result "1-0"]
[WhiteElo "1103"]
[BlackElo "1318"]
[PlyCount "119"]
[EventDate "2022.??.??"]

1. e4 e5 2. Nf3 Nc6 3. Nc3 Nf6 4. d4 exd4 5. Nxd4 Nxe4 6. Nxe4 Qe7 7. Nxc6
Qxe4+ 8. Qe2 Qxe2+ 9. Bxe2 dxc6 10. O-O Bd6 11. Be3 O-O 12. Rad1 Bf5 13. Bd3
Bxd3 14. Rxd3 Rad8 15. Rfd1 b6 16. Bf4 Rfe8 17. Kf1 Re6 18. b4 g6 19. c4 c5 20.
a3 Kg7 21. g3 Kf6 22. g4 g5 23. Bg3 Ke7 24. h4 h6 25. f4 Rg8 26. f5 Rf6 27.
Bxd6+ cxd6 28. h5 Rc8 29. b5 Ra8 30. Rd5 a6 31. a4 axb5 32. axb5 Ra4 33. Rc1
Ra3 34. Kf2 Ra2+ 35. Kf3 Ra3+ 36. Kf2 Ra2+ 37. Kf1 Ra3 38. Re1+ Kd7 39. Re4
Ra1+ 40. Ke2 Ra2+ 41. Kd1 Ra1+ 42. Kc2 Ra2+ 43. Kb3 Rh2 44. Re1 Rh4 45. Rg1
Rh3+ 46. Kc2 Rh2+ 47. Kd1 Rh4 48. Rg2 Rh1+ 49. Kc2 Ra1 50. Kb2 Ra5 51. Rc2 Kc7
52. Rc1 Kd7 53. Kb3 Kc7 54. Rcd1 Kd7 55. Re1 Kd8 56. Rd2 d5 57. Rxd5+ Kc7 58.
Re7+ Kc8 59. Rdd7 Ra1 60. Rc7+ 1-0

[Event "EUYCC 2022 - U10"]
[Site "?"]
[Date "2022.08.24"]
[Round "3.9"]
[White "Broz, Pavel"]
[Black "Koutecka, Magdalena"]
[Result "1-0"]
[WhiteElo "1066"]
[BlackElo "1042"]
[PlyCount "41"]
[EventDate "2022.??.??"]

1. e4 e5 2. Nf3 Nc6 3. Bc4 Nf6 4. Ng5 d5 5. exd5 Na5 6. Bb5+ c6 7. dxc6 bxc6 8.
Ba4 h6 9. Nf3 e4 10. Ne5 Bb7 11. a3 Bc5 12. b4 Qd4 13. bxc5 Qxa1 14. Nc3 Nd5
15. Qg4 Qxc1+ 16. Nd1 O-O 17. O-O Qxa3 18. Ne3 Qxa4 19. Nf5 g6 20. Nxg6 Nf6 21.
Nge7+ 1-0

[Event "EUYCC 2022 - U12"]
[Site "?"]
[Date "2022.08.24"]
[Round "3.4"]
[White "Barteckova, Valerie"]
[Black "Badica, Ariana"]
[Result "1/2-1/2"]
[WhiteElo "1403"]
[BlackElo "1509"]
[PlyCount "59"]
[EventDate "2022.??.??"]

1. d4 Nf6 2. Nf3 e6 3. Bf4 b6 4. e3 Bb7 5. c3 c5 6. Bd3 Be7 7. O-O O-O 8. Nbd2
d5 9. Qe2 c4 10. Bc2 Nbd7 11. e4 b5 12. Rfe1 a5 13. e5 Ne8 14. h3 g6 15. Rab1
Ng7 16. Qd1 b4 17. Nf1 Qc7 18. Qd2 Rfb8 19. Ng3 Bc6 20. Ne2 a4 21. Ng3 Rb6 22.
Rec1 a3 23. b3 Rab8 24. Qe1 h5 25. Qd2 Qb7 26. Qe1 Qa6 27. Qd2 Qb7 28. Qe1 Qa6
29. Qd2 Qb7 30. Qe1 1/2-1/2

[Event "EUYCC 2022 - U14"]
[Site "?"]
[Date "2022.08.24"]
[Round "3.1"]
[White "Novomeska, Karin"]
[Black "Fizer, Marek"]
[Result "0-1"]
[WhiteElo "1765"]
[BlackElo "1998"]
[PlyCount "71"]
[EventDate "2022.??.??"]

1. d4 d5 2. c4 dxc4 3. Qa4+ c6 4. Qxc4 Nf6 5. Nf3 e6 6. g3 Be7 7. Bg2 O-O 8.
O-O b5 9. Qd3 Bb7 10. b3 Qb6 11. Bb2 Rd8 12. Qc2 Na6 13. a3 c5 14. dxc5 Nxc5
15. Bd4 Rac8 16. Nbd2 Qa6 17. Qb2 Nce4 18. Nxe4 Bxe4 19. Bc3 Nd5 20. Bxg7 Rc2
21. Qe5 Bf5 22. g4 f6 23. Qg3 Bg6 24. Bh6 Nc3 25. Kh1 Ne4 26. Qh3 Rxe2 27. Be3
Rd3 28. Qh4 Qd6 29. Qh6 Bf8 30. Qh4 Be7 31. Qh6 Rdxe3 32. fxe3 Nf2+ 33. Rxf2
Rxf2 34. b4 Be4 35. Qh3 Qd5 36. Ne1 0-1

[Event "EUYCC 2022 - U14"]
[Site "?"]
[Date "2022.08.24"]
[Round "3.2"]
[White "Sabarez, Iulian"]
[Black "Desarmaux-Do, Yanis-Huy"]
[Result "1-0"]
[WhiteElo "1702"]
[BlackElo "1935"]
[PlyCount "75"]
[EventDate "2022.??.??"]

1. e4 c5 2. Nf3 Nc6 3. d4 cxd4 4. Nxd4 e5 5. Nb5 d6 6. c4 Be7 7. N1c3 a6 8. Na3
Be6 9. Bd3 Bg5 10. O-O Bxc1 11. Rxc1 Nf6 12. Qd2 O-O 13. Rfd1 Qb8 14. Nd5 Bxd5
15. cxd5 Ne7 16. Nc4 Ng6 17. Nb6 Ra7 18. f3 Rd8 19. Rc2 Nd7 20. Qa5 Ngf8 21.
Rdc1 Nxb6 22. Qxb6 Nd7 23. Qe3 Ra8 24. b4 f6 25. Bf1 Qa7 26. Qxa7 Rxa7 27. g3
a5 28. Rc8 Ra8 29. Rxa8 Rxa8 30. Rc7 Nf8 31. b5 Rb8 32. Bh3 Ng6 33. Be6+ Kf8
34. Rf7+ Ke8 35. Rxg7 Nf8 36. Bf5 b6 37. a4 h6 38. Kg2 1-0

[Event "EUYCC 2022 - U14"]
[Site "?"]
[Date "2022.08.24"]
[Round "3.3"]
[White "Brozynski, Patryk"]
[Black "Paralieu, Emma"]
[Result "1-0"]
[WhiteElo "1911"]
[BlackElo "1596"]
[PlyCount "71"]
[EventDate "2022.??.??"]

1. e4 e5 2. Nf3 Nc6 3. Bb5 a6 4. Bxc6 dxc6 5. d3 Bc5 6. c3 Bg4 7. h3 Bxf3 8.
Qxf3 Qf6 9. Qxf6 Nxf6 10. Bg5 O-O-O 11. Bxf6 gxf6 12. Ke2 Rhg8 13. g4 h5 14. f3
Rh8 15. Nd2 Rh6 16. Nb3 Bb6 17. Rh2 hxg4 18. fxg4 Rdh8 19. Rah1 Rd8 20. h4 Rg6
21. Rg2 Rdg8 22. Kf3 a5 23. a4 Rd8 24. Rd1 c5 25. c4 c6 26. Na1 Bc7 27. Nc2 f5
28. gxf5 Rh6 29. Rh2 Rdh8 30. Rdh1 Bd8 31. Ne3 Rxh4 32. Rxh4 Rxh4 33. Rxh4 Bxh4
34. Kg4 Be7 35. Kh5 Kd7 36. Ng4 1-0

[Event "EUYCC 2022 - U14"]
[Site "?"]
[Date "2022.08.24"]
[Round "3.4"]
[White "Mickunaite, Agne"]
[Black "Peglau, Charis"]
[Result "1/2-1/2"]
[WhiteElo "1527"]
[BlackElo "1837"]
[PlyCount "72"]
[EventDate "2022.??.??"]

1. d4 Nf6 2. c4 g6 3. Nc3 d5 4. Bf4 Bg7 5. e3 O-O 6. cxd5 Nxd5 7. Nxd5 Qxd5 8.
Bxc7 Na6 9. Bg3 Bf5 10. Bxa6 Qxg2 11. Qf3 Qxf3 12. Nxf3 bxa6 13. O-O Rac8 14.
Rfc1 Be4 15. Nd2 Bd5 16. a3 f5 17. b3 g5 18. f4 h6 19. Nc4 Bf6 20. Kf2 g4 21.
Ke2 h5 22. Rc3 Rfd8 23. Rac1 Kh7 24. Ne5 Rxc3 25. Rxc3 Bxe5 26. fxe5 Rd7 27. b4
e6 28. Bh4 Kg6 29. Kf2 Rb7 30. Rc5 Rd7 31. Bf6 Rb7 32. Kg3 Bf3 33. Kh4 Rd7 34.
Kg3 Bb7 35. Kf4 Kh6 36. Bh4 Kg6 1/2-1/2

[Event "EUYCC 2022 - U14"]
[Site "?"]
[Date "2022.08.24"]
[Round "3.5"]
[White "Page, Noah"]
[Black "Abitbol, Ethan"]
[Result "1/2-1/2"]
[WhiteElo "1992"]
[BlackElo "1490"]
[PlyCount "155"]
[EventDate "2022.??.??"]

1. e4 c5 2. c3 d5 3. exd5 Qxd5 4. d4 Nf6 5. Nf3 Bg4 6. Nbd2 Nc6 7. Bc4 Qd7 8.
Qb3 e6 9. Ne5 Qc7 10. Nxg4 Nxg4 11. Be2 Nf6 12. dxc5 Bxc5 13. O-O O-O 14. Bf3
Rab8 15. Ne4 Nxe4 16. Bxe4 Kh8 17. Qc2 f5 18. Bxc6 bxc6 19. Re1 e5 20. Be3 Bd6
21. Rad1 f4 22. Bxa7 Ra8 23. Bb6 Qxb6 24. Rxd6 Rxa2 25. Rd2 Re8 26. Qb1 Ra5 27.
Qe4 Rb5 28. b4 c5 29. bxc5 Rxc5 30. c4 Qb4 31. Rc2 Qa4 32. Rec1 Qc6 33. Qxc6
Rxc6 34. c5 Rd8 35. Kf1 Kg8 36. Ke2 Kf7 37. Kf3 Ke6 38. Rb2 Kf5 39. Rb6 Rdc8
40. Rb7 e4+ 41. Ke2 Rxc5 42. Rxc5+ Rxc5 43. Rf7+ Ke5 44. Re7+ Kd4 45. Rd7+ Ke5
46. Rxg7 Rc2+ 47. Ke1 Rc1+ 48. Kd2 Ra1 49. Re7+ Kd5 50. Rd7+ Ke5 51. Rc7 Ra2+
52. Rc2 Ra3 53. g3 fxg3 54. hxg3 Ra7 55. Rc3 Kd4 56. Rc2 Ke5 57. Rc4 Ra2+ 58.
Ke3 Ra3+ 59. Ke2 Ra7 60. Rb4 Rc7 61. Kf1 Rf7 62. Kg2 Kd5 63. Ra4 Ke5 64. Ra8
Kd5 65. Rd8+ Ke5 66. Ra8 Kd5 67. Ra5+ Kd4 68. Ra4+ Ke5 69. Ra3 Kd5 70. g4 Ke5
71. Kg3 Kd4 72. Ra4+ Kd3 73. Ra3+ Kd4 74. g5 Rg7 75. Kh4 Ke5 76. Ra5+ Kf4 77.
Kh5 Rg6 78. Rb5 1/2-1/2

[Event "EUYCC 2022 - U14"]
[Site "?"]
[Date "2022.08.24"]
[Round "3.6"]
[White "Lazniewska, Zofia"]
[Black "Paralieu, Maxime"]
[Result "0-1"]
[WhiteElo "1545"]
[BlackElo "1898"]
[PlyCount "70"]
[EventDate "2022.??.??"]

1. e4 e5 2. Nf3 Nc6 3. Nc3 Nf6 4. Bb5 Bb4 5. O-O O-O 6. d3 Bxc3 7. bxc3 d6 8.
h3 Qe7 9. Re1 Nd8 10. Bc4 c6 11. Qe2 h6 12. Bb3 Re8 13. Bd2 Qc7 14. c4 Ne6 15.
c3 Nf8 16. Bc2 Ng6 17. Nh2 b6 18. Qf3 Kh7 19. Rad1 Be6 20. Qe2 b5 21. cxb5 cxb5
22. a3 Qc5 23. Ra1 a5 24. Rec1 d5 25. Nf3 dxe4 26. dxe4 Red8 27. Bd3 Bc4 28.
Bxc4 bxc4 29. Be3 Qc6 30. Nd2 Rd3 31. f3 Nh5 32. Rab1 Ngf4 33. Qf2 Qg6 34. Kh2
Rxe3 35. Nxc4 Re2 0-1

[Event "EUYCC 2022 - U14"]
[Site "?"]
[Date "2022.08.24"]
[Round "3.7"]
[White "Mueller, Maximilian"]
[Black "Skutil, Frantisek Elias"]
[Result "1-0"]
[WhiteElo "1873"]
[BlackElo "1514"]
[PlyCount "75"]
[EventDate "2022.??.??"]

1. e4 c5 2. Nf3 d6 3. Bb5+ Bd7 4. Bxd7+ Qxd7 5. c4 Nc6 6. d4 cxd4 7. Nxd4 Nf6
8. Nc3 g6 9. b3 Bg7 10. Bb2 O-O 11. O-O e6 12. Re1 Rfd8 13. Nxc6 Qxc6 14. Qe2
Rd7 15. f4 Rad8 16. Rad1 Qc5+ 17. Kh1 Qc6 18. h3 d5 19. cxd5 exd5 20. e5 Ne8
21. Nb5 a6 22. Nd4 Qb6 23. f5 Nc7 24. Qg4 gxf5 25. Nxf5 Ne6 26. Rd3 Qf2 27. Re2
Qf1+ 28. Kh2 Qf4+ 29. Rg3 Qxg4 30. Rxg4 Kh8 31. Nxg7 Nxg7 32. Rxg7 Kxg7 33. e6+
Kg6 34. exd7 Rxd7 35. Bd4 Kf5 36. Kg3 Kg5 37. h4+ Kf5 38. Re5+ 1-0

[Event "EUYCC 2022 - U14"]
[Site "?"]
[Date "2022.08.24"]
[Round "3.8"]
[White "Gollner, Martin"]
[Black "Arshinkova, Boryana"]
[Result "1-0"]
[WhiteElo "1771"]
[BlackElo "1483"]
[PlyCount "57"]
[EventDate "2022.??.??"]

1. e4 c5 2. Nf3 Nc6 3. d4 cxd4 4. Nxd4 Nf6 5. Nc3 g6 6. Nxc6 bxc6 7. e5 Ng8 8.
Bc4 Bg7 9. Qf3 e6 10. Bf4 f6 11. Ne4 Qa5+ 12. Bd2 Qxe5 13. Bc3 Qh5 14. g4 Qh4
15. Nd6+ Kf8 16. Bb4 Ne7 17. Qa3 f5 18. gxf5 gxf5 19. O-O-O Kg8 20. Rhg1 Ng6
21. Kb1 Rb8 22. Bc3 Bf8 23. Bxe6+ dxe6 24. Qxa7 Rb7 25. Nxb7 Bg7 26. Bxg7 Kxg7
27. Nd6+ Kf6 28. Qf7+ Ke5 29. Rge1+  1-0

[Event "EUYCC 2022 - U14"]
[Site "?"]
[Date "2022.08.24"]
[Round "3.9"]
[White "Orfila, Kristofer"]
[Black "Barteckova, Denisa"]
[Result "1-0"]
[WhiteElo "1723"]
[BlackElo "1455"]
[PlyCount "41"]
[EventDate "2022.??.??"]

1. d4 d5 2. c4 dxc4 3. e4 Nc6 4. Nf3 Bg4 5. d5 Ne5 6. Be2 Bxf3 7. gxf3 e6 8. f4
Nd3+ 9. Bxd3 cxd3 10. Qxd3 exd5 11. exd5 Nf6 12. Nc3 Qd7 13. Be3 a6 14. O-O-O
O-O-O 15. Qc4 Bd6 16. Rhg1 Rhg8 17. Kb1 Qf5+ 18. Ka1 h6 19. Rc1 Rd7 20. Na4
Nxd5 21. Qxd5 1-0

[Event "EUYCC 2022 - U14"]
[Site "?"]
[Date "2022.08.24"]
[Round "3.10"]
[White "Buchta, Bartolomej"]
[Black "Haapsal, Maria Ioanna"]
[Result "1-0"]
[WhiteElo "1701"]
[BlackElo "1334"]
[PlyCount "79"]
[EventDate "2022.??.??"]

1. e4 c5 2. Nf3 d6 3. d4 cxd4 4. Nxd4 Nf6 5. Nc3 e6 6. g4 Nc6 7. h3 a6 8. Be3
Be7 9. Bg2 Qc7 10. g5 Nd7 11. f4 b5 12. Nxc6 Qxc6 13. O-O Bb7 14. Rf2 Nc5 15.
b4 Nd7 16. Ne2 Qc4 17. Ng3 Qxb4 18. f5 e5 19. Rb1 Qc4 20. Nh5 Bf8 21. f6 g6 22.
Ng3 Nc5 23. Bf1 Qe6 24. Bxc5 dxc5 25. c4 b4 26. Rd2 Qb6 27. Rb3 Bc6 28. Rbd3 h6
29. h4 hxg5 30. hxg5 Rh4 31. Bg2 a5 32. Bf3 a4 33. Bg4 Rxg4 34. Qxg4 b3 35. Rd7
Bb7 36. Nh5 gxh5 37. Qf5 Bd5 38. R2xd5 Qb8 39. Qe6+ fxe6 40. f7# 1-0

[Event "EUYCC 2022 - U14"]
[Site "?"]
[Date "2022.08.24"]
[Round "3.11"]
[White "Mikulinaite, Meta"]
[Black "Balazs, Sztella Anna"]
[Result "0-1"]
[WhiteElo "1138"]
[BlackElo "1663"]
[PlyCount "68"]
[EventDate "2022.??.??"]

1. e4 e5 2. Nf3 Nc6 3. Bc4 Bc5 4. d3 Nf6 5. Nc3 h6 6. O-O d6 7. h3 O-O 8. Na4
Bb6 9. Nxb6 axb6 10. c3 Be6 11. Bb3 Qd7 12. Nh2 d5 13. f4 dxe4 14. fxe5 Nxe5
15. Bxe6 Qxe6 16. dxe4 Nxe4 17. Re1 f5 18. a3 Nd7 19. Nf3 Ndc5 20. b4 Nb3 21.
Rb1 Nxc1 22. Qxc1 Qc4 23. Kh2 Qxc3 24. Qxc3 Nxc3 25. Rb3 Nb5 26. a4 Rxa4 27.
Re7 Raa8 28. Kg3 Rfe8 29. Rxe8+ Rxe8 30. Nh4 f4+ 31. Kg4 g5 32. Nf5 Kh7 33. Rd3
Kg6 34. Rd7 h5+ 0-1

[Event "EUYCC 2022 - U14"]
[Site "?"]
[Date "2022.08.24"]
[Round "3.13"]
[White "Sigut, Ondrej"]
[Black "Prokhorova, Arina"]
[Result "1-0"]
[WhiteElo "1495"]
[BlackElo "1086"]
[PlyCount "77"]
[EventDate "2022.??.??"]

1. e4 c6 2. d4 d5 3. exd5 cxd5 4. c3 Bf5 5. Nf3 Nc6 6. Qb3 Rb8 7. Bf4 Na5 8.
Bb5+ Bd7 9. Qa4 Bxb5 10. Qxb5+ Nc6 11. Bxb8 Qxb8 12. Qxd5 Nf6 13. Qb3 e6 14.
O-O Bd6 15. Nbd2 O-O 16. Rfe1 e5 17. dxe5 Nxe5 18. Nxe5 Bxe5 19. Nf3 Bd6 20.
Rad1 Ng4 21. h3 Nf6 22. Rd3 b6 23. Nd4 Nd7 24. Nc6 Qc7 25. Qd5 Bh2+ 26. Kh1 Nf6
27. Ne7+ Kh8 28. Qc6 Qxc6 29. Nxc6 Bb8 30. Nxb8 Rxb8 31. Red1 h6 32. Rd8+ Rxd8
33. Rxd8+ Kh7 34. Ra8 a5 35. Rb8 Nd7 36. Rb7 Nc5 37. Rxb6 f6 38. b4 axb4 39.
cxb4 1-0

[Event "EUYCC 2022 - U14"]
[Site "?"]
[Date "2022.08.24"]
[Round "3.15"]
[White "Grunert, Heinrich"]
[Black "Hetfleischova, Elen"]
[Result "1-0"]
[WhiteElo "1342"]
[BlackElo "1352"]
[PlyCount "87"]
[EventDate "2022.??.??"]

1. e4 e5 2. Nf3 Nc6 3. Bb5 d6 4. h3 a6 5. Ba4 f5 6. d3 Nf6 7. Nbd2 Be7 8. c3
O-O 9. O-O Kh8 10. Re1 fxe4 11. Nxe4 b5 12. Bc2 d5 13. Ng3 Bd6 14. Bd2 Bb7 15.
Nf5 Bc5 16. Nxe5 Nxe5 17. Rxe5 Bxf2+ 18. Kxf2 Nd7 19. Re2 Rxf5+ 20. Kg1 d4 21.
cxd4 Qf6 22. Be3 Qg6 23. Qd2 Rf3 24. d5 Rf7 25. d4 Qd6 26. Rf2 Rxf2 27. Qxf2
Rf8 28. Qe2 Qxd5 29. Bb3 Qe4 30. Re1 Re8 31. Qc2 Qh4 32. Qf2 Qd8 33. Bg5 Rxe1+
34. Qxe1 Qf8 35. Qe7 Qxe7 36. Bxe7 g6 37. Be6 Bc8 38. Kf2 Kg7 39. Ke3 h6 40.
Bd8 c6 41. b4 g5 42. d5 cxd5 43. Kd4 Nb8 44. Bxc8 1-0

[Event "EUYCC 2022 - U14"]
[Site "?"]
[Date "2022.08.24"]
[Round "3.17"]
[White "Kuzmina, Oleksandra"]
[Black "Stary, Simon"]
[Result "1/2-1/2"]
[WhiteElo "1144"]
[BlackElo "1309"]
[PlyCount "70"]
[EventDate "2022.??.??"]

1. c4 e6 2. d4 d5 3. Nc3 Bb4 4. Bd2 Nf6 5. a3 Bxc3 6. Bxc3 O-O 7. e3 Nbd7 8.
Bd3 Re8 9. cxd5 exd5 10. Ne2 c6 11. O-O Nf8 12. Qc2 Ng6 13. Ng3 Bd7 14. Rfe1
Qc7 15. f3 Rad8 16. e4 dxe4 17. Nxe4 Nd5 18. Nc5 Nxc3 19. bxc3 b6 20. Nxd7 Qxd7
21. Rad1 Rxe1+ 22. Rxe1 Re8 23. Rxe8+ Qxe8 24. Kf2 Qe7 25. Bxg6 hxg6 26. Qe4
Qd7 27. Ke3 Kf8 28. Kd3 b5 29. Qe5 Qf5+ 30. Qe4 a5 31. g4 Qd5 32. Qf4 Qc4+ 33.
Kd2 Qa2+ 34. Kd3 Qc4+ 35. Kd2 Qa2+ 1/2-1/2

[Event "EUYCC 2022 - U8"]
[Site "?"]
[Date "2022.08.25"]
[Round "4.1"]
[White "Li, Yunqi"]
[Black "Doan, Hoang Minh"]
[Result "1/2-1/2"]
[WhiteElo "1282"]
[BlackElo "1115"]
[PlyCount "192"]
[EventDate "2022.??.??"]

1. e4 c5 2. Nf3 e6 3. d4 cxd4 4. Nxd4 Nc6 5. a3 Qc7 6. Nc3 Nf6 7. Be2 a6 8. O-O
Be7 9. Be3 O-O 10. f4 d6 11. Kh1 e5 12. Nb3 exf4 13. Bxf4 Ne5 14. Nd4 Ng6 15.
Bg3 b5 16. Bf3 Bb7 17. Nf5 Rad8 18. Qe2 Nd7 19. h4 Rfe8 20. h5 Nge5 21. Rad1
Nc5 22. Qf2 Ne6 23. Nd5 Bxd5 24. Rxd5 Nc4 25. Bg4 Bf8 26. c3 Nc5 27. Bf3 Nxe4
28. Bxe4 Rxe4 29. Qf3 Ree8 30. Bf4 Nxb2 31. Nxd6 Bxd6 32. Rxd6 Rxd6 33. Bxd6
Qd7 34. h6 Nc4 35. Bc5 Nd2 36. Qg3 g6 37. Rd1 Qc6 38. Bd4 Ne4 39. Qf3 Qe6 40.
Kg1 Qf5 41. Qxf5 gxf5 42. Kh2 Re6 43. Bg7 f6 44. Rd8+ Kf7 45. Rd5 Kg6 46. Rd3
Rc6 47. Bf8 Rxc3 48. Rd7 Ng5 49. Rb7 Ne6 50. Bb4 Rc6 51. Kg3 Kxh6 52. Rf7 Kg6
53. Re7 Nc7 54. Rd7 Ne6 55. Re7 Ng5 56. Re8 Rc7 57. Ra8 Rc6 58. Rg8+ Kh5 59.
Rg7 h6 60. Rg8 Ne6 61. Kh3 Rc4 62. Ra8 Nc7 63. Rc8 Nd5 64. Rf8 Nxb4 65. axb4
Rxb4 66. Rxf6 Kg5 67. Rxa6 Ra4 68. Rb6 b4 69. Kh2 f4 70. Rb5+ Kg4 71. Rb6 h5
72. Rb5 h4 73. Rb8 Kf5 74. Rf8+ Ke4 75. Rb8 Kd3 76. Kh3 Kc2 77. Kxh4 f3 78.
gxf3 b3+ 79. Kg5 b2 80. f4 Ra3 81. f5 Rb3 82. Rxb3 Kxb3 83. f6 b1=Q 84. f7 Qg1+
85. Kf6 Qd4+ 86. Ke7 Qg7 87. Ke8 Qe5+ 88. Kf8 Kc4 89. Kg8 Qg5+ 90. Kh8 Qh6+ 91.
Kg8 Qg6+ 92. Kh8 Qd6 93. Kg8 Qg6+ 94. Kh8 Qh6+ 95. Kg8 Qe6 96. Kh8 Qe7 1/2-1/2

[Event "EUYCC 2022 - U8"]
[Site "?"]
[Date "2022.08.25"]
[Round "4.2"]
[White "Koev, Georgi"]
[Black "Zahariev, Velislav"]
[Result "1-0"]
[WhiteElo "1119"]
[BlackElo "1263"]
[PlyCount "109"]
[EventDate "2022.??.??"]

1. e4 e5 2. Bc4 Nc6 3. Nf3 Bc5 4. c3 Nf6 5. d3 d6 6. O-O O-O 7. Re1 Ne7 8. Nbd2
Ng6 9. Nf1 Ng4 10. d4 exd4 11. cxd4 Bb4 12. Bd2 Bxd2 13. Qxd2 Kh8 14. h3 Nh6
15. Ng3 f5 16. exf5 Nxf5 17. Nxf5 Bxf5 18. Ng5 d5 19. Bb3 Qd7 20. Bc2 Bxc2 21.
Qxc2 Rae8 22. h4 Rxe1+ 23. Rxe1 Qf5 24. Qxf5 Rxf5 25. h5 Nf8 26. Ne6 Nxe6 27.
Rxe6 Kg8 28. Re7 Rf7 29. Re5 Rd7 30. Kf1 Kf7 31. Ke2 Re7 32. Rxe7+ Kxe7 33. g4
b6 34. b4 Kd6 35. Kd3 c5 36. bxc5+ bxc5 37. dxc5+ Kxc5 38. f4 d4 39. g5 Kd5 40.
a4 a5 41. f5 Ke5 42. f6 gxf6 43. g6 hxg6 44. h6 g5 45. h7 g4 46. h8=Q g3 47.
Qg7 Kf4 48. Qxf6+ Kg4 49. Qxd4+ Kh3 50. Qg1 g2 51. Kc4 Kg3 52. Kb5 Kf3 53. Kxa5
Kg3 54. Kb6 Kh3 55. a5 1-0

[Event "EUYCC 2022 - U8"]
[Site "?"]
[Date "2022.08.25"]
[Round "4.3"]
[White "Kovacs, Balazs"]
[Black "Cazacu, Iustin-Nicolas"]
[Result "0-1"]
[WhiteElo "1463"]
[BlackElo "1456"]
[PlyCount "152"]
[EventDate "2022.??.??"]

1. e4 c5 2. Nf3 Nc6 3. d4 cxd4 4. Nxd4 g6 5. c4 Nf6 6. Nc3 Nxd4 7. Qxd4 d6 8.
Bg5 Bg7 9. Nd5 O-O 10. Bxf6 exf6 11. Qd2 f5 12. exf5 Bxf5 13. Be2 Qh4 14. O-O
Kh8 15. Bf3 Qd4 16. Qxd4 Bxd4 17. Ne7 Bxb2 18. Rad1 Be6 19. Rb1 Be5 20. Rxb7
Bxc4 21. Rc1 Bxa2 22. Rd7 Rab8 23. Rxa7 Rb2 24. Nc6 Rc8 25. Re1 Bc3 26. Ra1 Be6
27. Ra8 Rxa8 28. Rxa8+ Kg7 29. h3 Bd7 30. Ra3 Be1 31. Kh2 Bxc6 32. Bxc6 Rxf2
33. Rd3 Bb4 34. Bd5 Rd2 35. Rxd2 Bxd2 36. Kg3 f5 37. Kf3 Kf6 38. g4 f4 39. Ke4
g5 40. Ba8 f3 41. Kxf3 Ke5 42. Ke2 Bc3 43. Kd3 Bb4 44. Be4 h6 45. Bf5 Kf4 46.
Kc4 Bc5 47. Kd5 Kg3 48. Be6 Kxh3 49. Bf5 Kh4 50. Ke4 h5 51. gxh5 Kxh5 52. Kf3
Kh4 53. Kg2 g4 54. Be6 g3 55. Kf3 Bf2 56. Kg2 Kg5 57. Bd5 Kf4 58. Bf3 Ke5 59.
Kf1 Kd4 60. Ke2 Be3 61. Bg2 Bf4 62. Bf3 d5 63. Bg2 Kc4 64. Bf3 d4 65. Be4 Kc3
66. Bf5 Be3 67. Kf3 Bf2 68. Kg2 d3 69. Bxd3 Kxd3 70. Kf3 Be1 71. Kg2 Ke2 72.
Kh3 Kf2 73. Kh4 g2 74. Kh3 g1=Q 75. Kh4 Qg6 76. Kh3 Qh5# 0-1

[Event "EUYCC 2022 - U8"]
[Site "?"]
[Date "2022.08.25"]
[Round "4.4"]
[White "Marton-John, Almos Kiran"]
[Black "Prokhorov, Makar"]
[Result "0-1"]
[WhiteElo "1302"]
[BlackElo "1289"]
[PlyCount "76"]
[EventDate "2022.??.??"]

1. e4 c6 2. Nc3 d5 3. Nf3 Bg4 4. h3 Bxf3 5. Qxf3 e6 6. exd5 cxd5 7. d4 Nc6 8.
Be3 Qb6 9. O-O-O Bb4 10. Nb1 Nge7 11. a3 Bd6 12. g4 f6 13. g5 f5 14. Qh5+ Ng6
15. Qf3 f4 16. Bd2 Nxd4 17. Qh5 O-O 18. Bd3 Nf5 19. Qe2 e5 20. f3 Nd4 21. Qg2
Rac8 22. Nc3 Nh4 23. Qg4 Nhxf3 24. Nxd5 Nb3+ 25. Kb1 Nbxd2+ 26. Rxd2 Nxd2+ 27.
Kc1 Qc6 28. Qh5 e4 29. g6 h6 30. Kxd2 exd3 31. c3 f3 32. Rf1 Bf4+ 33. Kd1 Qa4+
34. Ke1 Bg3+ 35. Rf2 Rfe8+ 36. Ne7+ Rxe7+ 37. Qe5 Rxe5+ 38. Kf1 Qd1# 0-1

[Event "EUYCC 2022 - U8"]
[Site "?"]
[Date "2022.08.25"]
[Round "4.5"]
[White "Srnak, Martin"]
[Black "Malchev, Nikola"]
[Result "0-1"]
[WhiteElo "1088"]
[BlackElo "1117"]
[PlyCount "66"]
[EventDate "2022.??.??"]

1. d4 d5 2. c4 c6 3. e3 Nf6 4. Nc3 Nbd7 5. Nf3 e6 6. cxd5 exd5 7. Bd3 Bd6 8.
O-O O-O 9. e4 dxe4 10. Nxe4 Nxe4 11. Bxe4 f6 12. Qd3 h6 13. d5 Nc5 14. Qc2 Nxe4
15. Qxe4 cxd5 16. Qxd5+ Kh8 17. Rd1 Be7 18. Qxd8 Rxd8 19. Bf4 Bf5 20. Nh4 Bh7
21. Nf3 Rac8 22. Rxd8+ Rxd8 23. h3 g5 24. Be3 a6 25. Bd4 Kg7 26. Re1 Kf7 27.
Bc3 Bc5 28. Nd2 b5 29. g3 b4 30. Nb3 bxc3 31. bxc3 Ba7 32. Na5 Rd2 33. Nc6
Bxf2+ 0-1

[Event "EUYCC 2022 - U10"]
[Site "?"]
[Date "2022.08.25"]
[Round "4.1"]
[White "Zhang, Yibo"]
[Black "Matejka, Simon"]
[Result "1-0"]
[WhiteElo "1469"]
[BlackElo "1285"]
[PlyCount "79"]
[EventDate "2022.??.??"]

1. e4 e6 2. d4 d5 3. Nd2 c5 4. exd5 exd5 5. Ngf3 Nf6 6. Bd3 Be7 7. dxc5 Bxc5 8.
O-O O-O 9. Nb3 Bb6 10. c3 Nc6 11. Bg5 h6 12. Bh4 g5 13. Bg3 Ne4 14. Nfd4 f5 15.
Nxc6 bxc6 16. Be5 Qe7 17. Bd4 Bb7 18. Bxb6 axb6 19. f3 Nc5 20. Re1 Qd6 21. Nd4
Qd7 22. Re5 Nxd3 23. Qxd3 Rae8 24. Rxf5 Rxf5 25. Nxf5 Qh7 26. Rd1 Re5 27. g4
Bc8 28. Qd4 Qc7 29. Nxh6+ Kh7 30. Nf7 Qxf7 31. Qxe5 Qxf3 32. Qc7+ Kg6 33. Qxc6+
Kg7 34. Qc7+ Kg6 35. Qxb6+ Kg7 36. Qd4+ Kh6 37. Qh8+ Kg6 38. Qh5+ Kg7 39. Qxg5+
Kh7 40. Rf1 1-0

[Event "EUYCC 2022 - U10"]
[Site "?"]
[Date "2022.08.25"]
[Round "4.2"]
[White "Beniosev, Daniel"]
[Black "Tatar, Marius Lucian"]
[Result "1-0"]
[WhiteElo "1403"]
[BlackElo "1434"]
[PlyCount "135"]
[EventDate "2022.??.??"]

1. e4 e5 2. Nc3 Bc5 3. Bc4 Nf6 4. d3 Nc6 5. f4 d6 6. Na4 Bg4 7. Nf3 Bxf3 8.
Qxf3 Qd7 9. Nxc5 dxc5 10. O-O O-O-O 11. f5 Na5 12. Bb3 Nc6 13. Be3 Nd4 14. Bxd4
Qxd4+ 15. Qf2 Rhf8 16. h3 Nh5 17. Qxd4 cxd4 18. Kh2 g6 19. g3 c6 20. a4 a5 21.
Bc4 Kc7 22. Rf2 Rb8 23. fxg6 fxg6 24. Raf1 Rxf2+ 25. Rxf2 b5 26. axb5 cxb5 27.
Be6 Kd6 28. Ba2 Rc8 29. Bb1 b4 30. Ba2 a4 31. Bc4 a3 32. bxa3 bxa3 33. Rf1 Kc5
34. Rb1 Ra8 35. Kg2 Nf6 36. Rb5+ Kc6 37. Rxe5 Kd7 38. Ba2 Kc7 39. g4 Nd7 40.
Rb5 Nb6 41. Rb3 h6 42. c3 dxc3 43. Rxc3+ Kd6 44. d4 Ra4 45. Rd3 Nd7 46. Kf3 g5
47. e5+ Ke7 48. Ke3 Ke8 49. Rc3 Kd8 50. Ke4 Ke7 51. Rc4 Rxc4 52. Bxc4 Nb6 53.
Ba2 Na4 54. Kd3 Nb2+ 55. Kc2 Kd7 56. d5 Ke7 57. Kb3 Nd3 58. e6 Nf4 59. Kxa3
Nxh3 60. Kb4 Nf2 61. Kc5 Nxg4 62. d6+ Kd8 63. Kb6 Ne5 64. e7+ Ke8 65. Kc7 g4
66. Bb3 g3 67. Ba4+ Kf7 68. e8=Q+ 1-0